Teroristické skupiny víťazom je ten, kto usmrtí viac ľudí

Bibliographic Details
Format: Article
Language:Slovak
ISSN:1335-4620
Subjects:

MARC

LEADER 00000nab a2200000 a 4500
001 vtls000868071
003 SK-MaSNL
005 20260302161603.0
008 180205c2004 xo 0 slo
015 |a SNBRB2004/04-10493 
035 |a CLN000219623 
040 |a SNKBUCL  |b slo  |c SNKBUCL  |e AACR2 
041 0 |a slo 
044 |a xo  |c SK 
080 |a 323.285(460)  |2 UDC-MRF-SK2 
245 0 0 |a Teroristické skupiny  |b víťazom je ten, kto usmrtí viac ľudí 
610 7 |a ETA (organizácia : Španielsko)  |2 snkbucl  |9 859727 
650 0 7 |a terorizmus  |2 snkbucl  |9 4295 
655 7 |a články z novín a časopisov  |2 snkbucl  |9 267496 
773 0 |x 1335-4620  |t Profit  |g Č. 11-12 (2004), s. 54 
850 |a Slovenská národná knižnica v Martine 
852 |a SNK  |b KIS3GCP 
958 |a RBX 
999 |c 1377813  |d 1379743